İrevan şehri (Record no. 353)

MARC details
000 -BAŞLIK
Sabit Uzunlukta Kontrol Alanı 00657na a2200229 4500
001 - KONTROL NUMARASI
Denetim Alanı 13622
003 - KONTROL NUMARASI IDENTIFIER
Denetim Alanı MIRAKIL
005 - SON İŞLEM TARİHİ VE ZAMANI
Denetim Alanı 20181213154746.0
008 - SABİT-BOY VERİ ELEMANLARI - GENEL BİLGİLER
Sabit Uzunlukta Kontrol Alanı 161107b tu 000 0
020 ## - ULUSLARARASI STANDART KİTAP NUMARASI
Uluslararası Standart Kitap Numarası 9786059912631
040 ## - KATALOGLAMA KAYNAK
Orijinal Kataloglama Ajansı Milas
Kataloglama Dili tur
Metne Dönüştürmek Ajansı TR-AnCHP
041 ## - DİL KODU
Metin / Ses Parça Veya Ayrı Başlığın Dil Kodu tur
082 ## - DEWEY ONLU SINIFLANDIRMA NUMARASI
Sınıflandırma Numarası 947.554
Ürün Numarası M87i 2015
090 ## - SINIFLAMA NUMARASI
Sınıflama Numarası 947.554 M87i 2015
100 ## - ANA GİRİŞ - KİŞİSEL İSİM
Kişisel Ad Mustafa, Nazım
245 ## - BAŞLIK TABLOSU
Başlık İrevan şehri
Başlığın Kalan Türk - islam varlığı nasıl yok edildi
Sorumluluk Tablosu, Vb Nazım Mustafa
246 ## - UNVAN FORM VARYING
Başlık Doğru / Kısa Başlığı Türk - islam varlığı nasıl yok edildi
260 ## - YAYIN, DAĞITIM, VB
Yayın, Dağıtım, Vb Yeri Ankara
Yayıncı, Dağıtıcı, Vs Adı Berikan Yayınevi
Yayın, Dağıtım, Vb Tarihi 2015
300 ## - FİZİKSEL TANIM
Kapsam 269 s.
Boyutlar 21 sm.
651 ## - KONU KATMA GİRİŞ - COĞRAFİ ADI
Coğrafi İsim Erivan (Ermenistan)
Genel Alt Bölümü Tarih
942 ## - EKLENDİ GİRİŞ ELEMANLARI (KOHA)
Sınıflandırma Veya Raf Düzeni Kaynak Dewey Decimal Classification
Koha Öğesi Türü Books
999 ## - SİSTEM KONTROL NUMARALARI (KOHA)
Koha Biblionumber 353
Koha Biblioitemnumber 353
Holdings
Kalıcı Konum Mevcut Konum Edinme Tarihi Edinim Kaynak Toplam Check-Out'Lar Tam Çağrı Numarası Barkod Tarih Son Görülme İtibaren Geçerli Fiyatlar Koha Öğesi Türü
CHP Kütüphanesi CHP Kütüphanesi 08/15/2016 Bağış   947.554 M87i 2015 001509 08/15/2016 08/15/2016 Books